Music Quiz

Random Music or Bands Quiz
Score 0/40 Timer 12:00
3 Plays Today
Heading Song / Artist % Correct
Artist 9 - Shown: F, H, N, O, S, TOne Of These Nights
91.4%
Artist 13 - Shown: A, B, L, R, S, TSOS
88.8%
Artist 10 - Shown: D, E, H, L, N, TThe Beatles
85.5%
Artist 10 - Shown: D, E, H, L, N, TI Want To Hold Your Hand
83.9%
Artist 10 - Shown: D, E, H, L, N, TPenny Lane
83.4%
Artist 13 - Shown: A, B, L, R, S, TUmbrella
83.4%
Artist 12 - Shown: M, N, O, R, S, TIt's Now Or Never
82.7%
Artist 10 - Shown: D, E, H, L, N, TEight Days A Week
78.6%
Artist 10 - Shown: D, E, H, L, N, TI Feel Fine
75%
Artist 11 - Shown: H, I, L, R, S, THeart Of Glass
74.9%
Artist 11 - Shown: H, I, L, R, S, TThe Tide Is High
74.3%
Artist 9 - Shown: F, H, N, O, S, THotel California
70.4%
Artist 13 - Shown: A, B, L, R, S, TRihanna
70.1%
Artist 14 - Shown: M, N, O, R, T, VStop! In The Name Of Love
70%
Artist 9 - Shown: F, H, N, O, S, TEagles
69.3%
Artist 16 - Shown: D, E, H, K, N, TElton John
68.2%
Artist 12 - Shown: M, N, O, R, S, TSurrender
66.3%
Artist 12 - Shown: M, N, O, R, S, TAre You Lonesome To-Night?
65.9%
Artist 16 - Shown: D, E, H, K, N, TBennie And The Jets
65.6%
Artist 11 - Shown: H, I, L, R, S, TBlondie
64.4%
Heading Song / Artist % Correct
Artist 16 - Shown: D, E, H, K, N, TCandle In The Wind 1997
64.1%
Artist 13 - Shown: A, B, L, R, S, TTake A Bow
61.4%
Artist 12 - Shown: M, N, O, R, S, TElvis Presley
58.2%
Artist 16 - Shown: D, E, H, K, N, TDon't Go Breaking My Heart
57%
Artist 14 - Shown: M, N, O, R, T, VThe Supremes
52.8%
Artist 13 - Shown: A, B, L, R, S, TDisturbia
52.6%
Artist 11 - Shown: H, I, L, R, S, TCall Me
48.6%
Artist 15 - Shown: A, C, D, H, P, SCold Hearted
48.6%
Artist 14 - Shown: M, N, O, R, T, VYou Can't Hurry Love
46.3%
Artist 12 - Shown: M, N, O, R, S, TSuspicious Minds
45.4%
Artist 9 - Shown: F, H, N, O, S, THeartache Tonight
45.1%
Artist 16 - Shown: D, E, H, K, N, TLucy In The Sky With Diamonds
42.9%
Artist 9 - Shown: F, H, N, O, S, TBest Of My Love
41.2%
Artist 15 - Shown: A, C, D, H, P, SOpposites Attract
33.4%
Artist 15 - Shown: A, C, D, H, P, SPaula Abdul
32.3%
Artist 15 - Shown: A, C, D, H, P, SStraight Up
28.6%
Artist 11 - Shown: H, I, L, R, S, TRapture
28.3%
Artist 14 - Shown: M, N, O, R, T, VWhere Did Our Love Go
27.8%
Artist 15 - Shown: A, C, D, H, P, SRush Rush
27%
Artist 14 - Shown: M, N, O, R, T, VCome See About Me
18%
Remove Ads.
Support Sporcle.
Get the best of Sporcle when you Go Orange. This ad-free experience offers more features, more stats, and more fun while also helping to support Sporcle. Thank you for becoming a member.

You're not logged in!

Compare scores with friends on all Sporcle quizzes.
OR
Log In

Show Comments

Extras

Top Quizzes Today


Score Distribution

Your Account Isn't Verified!

In order to create a playlist on Sporcle, you need to verify the email address you used during registration. Go to your Sporcle Settings to finish the process.

Report this User

Report this user for behavior that violates our Community Guidelines.

Details: